1932 1595 1255 1947 1655 1069 1207 1832 1665 1729 1232 1486 1502 1361 1776 1102 1385 1444 1934 1997 1478 1067 1513 1435 1667 1198 1808 1687 1429 1586 1349 1911 1384 1374 1747 1906 1436 1910 1873 1127 1509 1438 1010 1627 1173 1644 1901 1256 1911 1603 1000 1881 1482 1386 1135 1894 1840 1961 1457 1290 1801 1153 1489 1988 1040 1057 1099 1478 1729 1936 1378 1507 1162 1068 1055 1250 1292 1559 1814 1182 1136 1895 1177 1817 1236 1769 1582 1832 1745 1363 1258 1657 1017 1332 1762 1685 1753 1133 1952 BCNSPRNW ULIB Ver.6.0+V

เปลี่ยนเป็นภาษาไทย

Change to English
 แสดงรายละเอียดบรรณานุกรม
  กลับหน้าหลัก

Brief Record : Get Marc (ISO 2709) : E-mail record : QR code < ปิดหน้าต่าง
LEADER : 00000nam 2200000uu 4500
001    13399120728
003     ULIB
008    121005s2552||||th 000 0 tha d
020    ^a9789743283826
050 04 ^aBF637.T68^bอ624ภ
100 0  ^aอานันท์ ชินบุตร
245 10 ^aภาษาจิตเปลี่ยนชีวิต /^cอานันท์ ชินบุตร
260    ^aกรุงเทพฯ :^bพาวเวอร์ฟูล ไลฟ์,^c2552
300    ^a158 หน้า ;^c21 ซม.
650  7 ^aพลังจิต
945    ^p155^l0^i18106
995    ^aวิภา
999 ^a ใช้งานได้ทุกระบบ
รายการนี้ยังไม่มีแท็ก
คุณยังไม่ได้ล็อกอิน คุณสามารถมีกิจกรรมร่วมกับเว็บไซต์ได้ แต่ต้องล็อกอินก่อน ::
  ล็อกอิน

รายการสื่อสารสนเทศ

ลำดับที่ ประเภท เลขเรียก/บาร์โค้ด สถานที่ สถานะ
1. วิทยาศาสตร์การแพทย์ และสุขภาพ
วิทยาศาสตร์การแพทย์ และสุขภาพ
BF637.T68 อ624ภ  
  Barcode: 18106
ห้องสมุดวิทยาเขตสวรรค์ประชารักษ์
►หนังสือทั่วไป
บนชั้น

รายการใกล้เคียง
    ผู้แต่ง [อานันท์ ชินบุตร]

    หัวเรื่อง [พลังจิต]

BibComment


ยังไม่เคยถูกคอมเมนท์

คอมเมนท์ทรัพยากรรายการนี้
  คอมเมนท์: ภาษาจิตเปลี่ยนชี..


 Copyright 2026. Bcnsprnw @Library